Catálogo

LOS EXPLORADORES ESPAÑOLES DEL SIGLO XVI, VINDICACION : (Registro nro. 18960)

Detalles MARC
000 -LEADER
fixed length control field 00582nam a2200181 a 4500
001 - CONTROL NUMBER
control field 18960
005 - DATE AND TIME OF LATEST TRANSACTION
control field 20180713212332.0
008 - FIXED-LENGTH DATA ELEMENTS--GENERAL INFORMATION
fixed length control field 140415s1945 000 0 spa d
041 ## - LANGUAGE CODE
Language code of text/sound track or separate title spa
082 ## - DEWEY DECIMAL CLASSIFICATION NUMBER
Classification number 970.015
Item number LUM
100 1# - MAIN ENTRY--PERSONAL NAME
Personal name LUMMIS, CARLOS F.
245 14 - TITLE STATEMENT
Title LOS EXPLORADORES ESPAÑOLES DEL SIGLO XVI, VINDICACION :
Remainder of title DE LA ACCION COLONIZADORA ESPAÑOLA EN AMERICA
260 ## - PUBLICATION, DISTRIBUTION, ETC.
Place of publication, distribution, etc. [s.l.] :
Name of publisher, distributor, etc. ESPASA, CALPE,
Date of publication, distribution, etc. 1945
300 ## - PHYSICAL DESCRIPTION
Extent 239
490 ## - SERIES STATEMENT
Series statement AUSTRAL
Volume/sequential designation 514
650 14 - SUBJECT ADDED ENTRY--TOPICAL TERM
Topical term or geographic name entry element AMERICA
General subdivision DESCUBRIMIENTO Y EXPLORACIONES ESPAOLAS
700 1# - ADDED ENTRY--PERSONAL NAME
Personal name ALTAMIRA, RAFAEL
Relator term pról.
Existencias
Withdrawn status Lost status Source of classification or shelving scheme Damaged status Not for loan Collection code Home library Current library Shelving location Date acquired Source of acquisition Inventory number Total Checkouts Full call number Barcode Date last seen Price effective from Koha item type
    Dewey Decimal Classification     General Biblioteca Karol Wojtyla Biblioteca Karol Wojtyla Sala general 03/12/2013 Compra 151000000000000000035807   970.015 LUM 38395 05/01/2026 03/12/2013 Libro